00559nam a2200181 a 45000010010000000030011000100080041000210350026000620820018000881000022001062450040001282600048001686500024002169420012002409520090002529980020003429990015003620000-9353ELIB.Books110520 1987  a(ELIB.Books)0000-9505 a268.432 bFee aFeeney, Stephanic aWho am I in the Livers of Children? bColumbus: Merrill Publishing Company c1987 aChristian Education 2ddccBK 00102ddc4070aKBTSbKBTSd2011-05-20l0p9270r2022-01-22 00:00:00w2022-01-22yBK cbate2011-05-20 c9353d9353